The guide to mechanical toy collecting : (Запис № 504029)

МАРК-запис
000 -LEADER
fixed length control field 01598cam a2200337Ii 4500
001 - CONTROL NUMBER
control field guidetomechanica00scho
003 - CONTROL NUMBER IDENTIFIER
control field CaSfIA
005 - DATE AND TIME OF LATEST TRANSACTION
control field 20210118091450.0
007 - PHYSICAL DESCRIPTION FIXED FIELD--GENERAL INFORMATION
fixed length control field cr||||
008 - FIXED-LENGTH DATA ELEMENTS--GENERAL INFORMATION
fixed length control field 801119s1979 nyua c 000 0 eng d
040 ## - CATALOGING SOURCE
Original cataloging agency SPP
Transcribing agency SPP
Modifying agency NCS
-- OCLCQ
-- CaSfIA
020 ## - INTERNATIONAL STANDARD BOOK NUMBER
Terms of availability $11.00
035 ## - SYSTEM CONTROL NUMBER
System control number (OCoLC)6954469
045 ## - TIME PERIOD OF CONTENT
Time period code w6x6
050 #4 - LIBRARY OF CONGRESS CALL NUMBER
Classification number NK9509
Item number .S3
082 04 - DEWEY DECIMAL CLASSIFICATION NUMBER
Classification number 688.7/28/075
Edition number 19
100 1# - MAIN ENTRY--PERSONAL NAME
Personal name Schorr, Martyn L.
245 14 - TITLE STATEMENT
Title The guide to mechanical toy collecting :
Medium [electronic resource]
Remainder of title 1860 to 1960--100 years of clockwork, wind-up, Kobe & battery toys /
Statement of responsibility, etc by Martyn L. Schorr ; a Play-it-again Sam production.
260 ## - PUBLICATION, DISTRIBUTION, ETC. (IMPRINT)
Place of publication, distribution, etc Haworth, N.J. :
Name of publisher, distributor, etc Performance Media,
Date of publication, distribution, etc 1979.
300 ## - PHYSICAL DESCRIPTION
Extent 66 p. :
Other physical details chiefly ill. ;
Dimensions 28 cm.
500 ## - GENERAL NOTE
General note Cover title.
500 ## - GENERAL NOTE
General note "Values, photos, descriptions, plus everything you've always wanted to know about toy collecting."
506 ## - RESTRICTIONS ON ACCESS NOTE
Standardized terminology for access restriction Необхідна авторизація на https://archive.org/ (створення облікового запису безкоштовно)
506 ## - RESTRICTIONS ON ACCESS NOTE
Standardized terminology for access restriction Необхідна авторизація на https://openlibrary.org/ (створення облікового запису безкоштовно)
650 #0 - SUBJECT ADDED ENTRY--TOPICAL TERM
Topical term or geographic name as entry element Mechanical toys
General subdivision Collectors and collecting.
650 #0 - SUBJECT ADDED ENTRY--TOPICAL TERM
Topical term or geographic name as entry element Mechanical toys
Form subdivision Catalogs.
740 01 - ADDED ENTRY--UNCONTROLLED RELATED/ANALYTICAL TITLE
Uncontrolled related/analytical title Mechanical toy collecting.
856 41 - ELECTRONIC LOCATION AND ACCESS
Uniform Resource Identifier <a href="http://www.archive.org/details/guidetomechanica00scho">http://www.archive.org/details/guidetomechanica00scho</a>
Public note Free eBook from the Internet Archive
856 42 - ELECTRONIC LOCATION AND ACCESS
Uniform Resource Identifier <a href="http://www.openlibrary.org/books/OL24558437M">http://www.openlibrary.org/books/OL24558437M</a>
Public note Additional information and access via Open Library
942 ## - ADDED ENTRY ELEMENTS (KOHA)
Koha item type ЕКнига

Немає доступних примірників.